HUMAN ANATOMY:regional and applied dissection and clinical [HEAD AND NECK] VOL-3 (Record no. 8363)

MARC details
000 -LEADER
fixed length control field 00473nam a22001817a 4500
005 - DATE AND TIME OF LATEST TRANSACTION
control field 20231009123721.0
008 - FIXED-LENGTH DATA ELEMENTS--GENERAL INFORMATION
fixed length control field 230816b |||||||| |||| 00| 0 eng d
020 ## - INTERNATIONAL STANDARD BOOK NUMBER
ISBN 978-93-5466-477-9
041 ## - LANGUAGE CODE
Language code of text/sound track or separate title eng
082 ## - DEWEY DECIMAL CLASSIFICATION NUMBER
Classification number 611.9
100 ## - MAIN ENTRY--AUTHOR NAME
Personal name CHAURASIA, B.D
245 ## - TITLE STATEMENT
Title HUMAN ANATOMY:regional and applied dissection and clinical [HEAD AND NECK] VOL-3
250 ## - EDITION STATEMENT
Edition statement 9TH, ED, 2023
260 ## - PUBLICATION, DISTRIBUTION, ETC. (IMPRINT)
Place of publication NEW DELHI
Name of publisher CBS
300 ## - PHYSICAL DESCRIPTION
Number of Pages 359;p
650 ## - SUBJECT ADDED ENTRY--TOPICAL TERM
Topical Term BPT
942 ## - ADDED ENTRY ELEMENTS (KOHA)
Koha item type Books
Holdings
Lost status Damaged status Collection code Home library Current library Shelving location Date acquired Source of acquisition Cost, normal purchase price Serial Enumeration / chronology Full call number Accession Number Koha item type
    PHYSIOTHERAPY JRU Library JRU Library Shelf - 24- A 05/08/2023 PURCHASE 2995.00 9TH ED, 2023,[ VOL-3] 611.9 27823 Books
    PHYSIOTHERAPY JRU Library JRU Library Shelf - 24- A 05/08/2023 PURCHASE 2995.00 9TH ED, 2023,[ VOL-3] 611.9 27824 Books